Les pays les plus touchés par la tuberculose - Statistiques

Statistiques générales
  • Ce quiz a été pris 12 fois
  • Le résultat moyen est 3 sur 10
Statistiques - réponses
Nombre de cas pour 100 000 Pays % Correct
468 Afrique du Sud
75%
540 Centrafrique
75%
509 Gabon
50%
661 Lesotho
42%
513 Corée du Nord
17%
475 Myanmar
17%
638 Philippines
17%
483 Îles Marshall
8%
452 Mongolie
8%
498 Timor oriental
8%
Aucun quiz correspondant
Distribution des résultats
% des personnes avec chaque résultat
Percentile par nombre de réponses
Votre historique - résultats
Vous n’avez pas pris ce quiz